000 00566nam a2200205Ia 4500
005 20250508160809.0
008 008 250505s9999 xx 000 0 eng d
020 _a0-7134-0963-0
037 _aTextual
040 _aFEDL
_beng
_cFEDL
041 _aeng
_2eng
084 _a370.942, LAW
_qFEDL
100 _aLawrence Bernard
_9769393
245 0 _aAdministration of education in Britain
260 _aLondon, UK
_bB T Batsford Ltd.
_c1972
300 _a213p
650 _aEducation
942 _cTEXL
_h370.942, LAW
999 _c1366685
_d1366685